Cagli 18 ottobre - 10 novembre 1975. Galleria d'arte n.1 Piazza C. Battisti, 1 - Rieti

Spremljeno u:
Bibliografski detalji
Glavni autor: Mercuri, Elio
Format: Knjiga
Jezik:engleski
Oznake: Dodaj oznaku
Bez oznaka, Budi prvi tko označuje ovaj zapis!

MARC

LEADER 00000nam a2200000 4500
005 20241120165311.0
008 241120b |||||||| |||| 00| 0 eng d
040 |c GP 
100 |a Mercuri, Elio 
245 |a Cagli  |b 18 ottobre - 10 novembre 1975. Galleria d'arte n.1 Piazza C. Battisti, 1 - Rieti 
942 |2 ddc  |c BK  |n 0 
952 |0 0  |1 0  |2 ddc  |4 0  |6 741_000000000000000_CAG  |7 1  |9 2188  |a RM  |b RM  |d 2024-11-20  |l 0  |o 741 CAG  |p 692  |r 2024-11-20 16:53:36  |w 2024-11-20  |y BK 
999 |c 1929  |d 1929